00689 2200241 4500001002100000005001700021008004100038020002200079035002500101040001200126082002100138084002100159090002100180100003000201245006600231260002800297300003600325500003100361504001100392650001200403850001200415990002000427INLIS00000000000102820141208110526.0  a978-602-258-107-9 a0010-121400000000111 aYOPDYOG aDEP 551.46 Muh M aDEP 551.46 Muh M aDEP 551.46 Muh M aMUHAMMAD RIDWAN ALIMUDDIN aMengapa kita (belum) cinta laut?c/ Muhammad Ridwan Alimuddin aYogyakartabOmbakc2013 axvi, 188 hlm.b: ilus. ;c23 cm aBibliografi : hlm. 180-184 aIndeks aSamudra aYOPDYOG aCB-D.112013-932